000 00880nam a22002177a 4500
999 _c15314
_d15314
003 MIRAKIL
005 20240208102643.0
008 240208b tu ||||| |||| 00| 0 tur d
040 _aTR-AnCHP
_cTR-AnCHP
041 _aTürkçe
082 _a324.2172
_bK29b 2018
090 _a324.2172 K29b 2018
100 _aKaya, Yıldırım
_qCHP parti meclis üyesi
245 _aBiz istersek Türkiye değişir :
_b"karanlıktan aydınlığa" 35. dönem parti meclisi faaliyet raporum (18 ocak 2016 - 4 Şubat 2018) /
_cYıldırım Kaya.
246 _a35. dönem parti meclisi faaliyet raporum (18 ocak 2016 - 4 Şubat 2018)
260 _aAnkara
_b[yayl.y.]
_c2018
300 _a286. s. ;
_bfotg. ,
_c21 cm.
651 0 _95416
_aTürkiye
_xSiyaset ve yönetim
_y2016 - 2018
856 _zDijital Nüshası için Partimizin Kütüphane Sorumlusu ile iletişime geçiniz.
942 _2ddc
_cBKS